An introduction to cost and production functions / (Record no. 14190)

000 -LEADER
fixed length control field 00517nam a2200181 a 4500
020 ## - INTERNATIONAL STANDARD BOOK NUMBER
ISBN 0333365801 (cased) :
020 ## - INTERNATIONAL STANDARD BOOK NUMBER
ISBN 0333416074 (pbk) :
040 ## - CATALOGING SOURCE
Transcribing agency UKM
082 ## - DEWEY DECIMAL CLASSIFICATION NUMBER
Classification number 338 MAC 1987 A066 Or.
100 1# - MAIN ENTRY--AUTHOR NAME
Personal name Heathfield, David F
245 13 - TITLE STATEMENT
Title An introduction to cost and production functions /
260 ## - PUBLICATION, DISTRIBUTION, ETC. (IMPRINT)
Place of publication Basingstoke :
Name of publisher Macmillan,
Year of publication 1987
300 ## - PHYSICAL DESCRIPTION
Number of Pages xv, 193 p. :
Other physical details ill. ;
Dimensions 23 cm
500 ## - GENERAL NOTE
General note Includes index
650 #0 - SUBJECT ADDED ENTRY--TOPICAL TERM
Topical Term Production functions (Economic theory)
700 10 - ADDED ENTRY--PERSONAL NAME
Personal name Wibe, S©œren,
942 ## - ADDED ENTRY ELEMENTS (KOHA)
Koha item type សៀវភៅភាសាអង់គ្លេស
952 ## - LOCATION AND ITEM INFORMATION (KOHA)
Withdrawn status [LOCAL, KOHA] 0
Holdings
Permanent Location Date acquired Koha item type Lost status Shelving location Barcode Current Location Full call number
Library Block A2017-10-09សៀវភៅភាសាអង់គ្លេស A066A20886Library Block A338 MAC 1987 A066 Or.
មជ្ឈមណ្ឌលឯការនៃសាកលវិទ្យាល័យភូមិន្ទកសិកម្មចំការដូង

Powered by Koha